| 000 | 01747nam a2200217Ia 4500 | ||
|---|---|---|---|
| 999 |
_c21037 _d21037 |
||
| 003 | OSt | ||
| 005 | 20210921134038.0 | ||
| 008 | 160316s1993 xxu||||| |||| 00| 0 eng d | ||
| 020 | _a9780198762324 | ||
| 040 | _cn | ||
| 082 |
_a342.085000 _bFEL |
||
| 100 | _aFeldman David | ||
| 245 | _aCivil liberties and human rights in England and Wales | ||
| 260 |
_aOxford _bClarendon Press _c1993 |
||
| 300 |
_a927p _clxii |
||
| 365 | _b P 27.50 | ||
| 505 | _aTable of contents I: The Nature of the Subject: The Political Philosophy of Civil Liberties; 1: Methods of Identifying and Protecting Rights and Freedoms; II: Life, Liberty, Physical Integrity: The Right to Life; 2: Physical Security and Integrity; 3: Freedom from Arbitrary Deprivation of Liberty; 4: Stop and Search, Arrest, Detention; 5: Rights Under Restraint; 6: Prison Conditions and Mental Health Act Patients; 7: Freedom of Movement: Immigration, Deprivation, Asylum, Exclusion Orders; III: Privacy: The Nature of Privacy; 8: Freedom from Arbitrary Search and Seizure; 9: Business and Professional Confidences; 10: Gender and Family Life; IV: Political Protest and Expression: Freedom of Expression; 11: Media Freedoms; 12: Restrictions on Freedom of Speech in the Interests of National Security; 13: Restrictions on Freedom of Speech in the Public Interest: Blasphemy, Obscenity, Indecency; 14: Restrictions on Freedom of Speech in the Public Interest: Contempt of Court; 15: Protest and Public Order; V: Equality: Freedom from Racial Discrimination; 16: An Overview of Social and Economic Rights; 17: Conclusions: The Courts and Freedom | ||
| 650 | _a1. Civil Liberties - U K2. Human Rights - Law & Legislations - U K | ||
| 700 |
_a _a |
||
| 942 |
_2ddc _cBK |
||